[Event "Rivera Huila Hernandez Memorial-B"]
[Site "Rivera Huila"]
[Date "2023.07.22"]
[Round "4"]
[White "Martinez Quintero, Javier"]
[Black "Vargas Trujillo, Santiago"]
[Result "0-1"]
[WhiteElo "1642"]
[BlackElo "1652"]
[PlyCount "124"]
[EventDate "2023.07.20"]
[EventType "swiss"]
[EventRounds "7"]
[EventCountry "COL"]
[SourceTitle "CBM 215 Extra"]
[Source "ChessBase"]
[SourceDate "2023.09.30"]
[SourceVersion "1"]
[SourceVersionDate "2023.09.30"]
[SourceQuality "1"]

1. d4 d5 2. c4 dxc4 3. Nc3 e5 4. d5 c6 5. e4 Bc5 6. Bxc4 Nf6 7. Nf3 b5 8. Bd3 0-0 9. 0-0 Bg4 10. Bg5 b4 11. Na4 Bd6 12. Rc1 cxd5 13. exd5 h6 14. Bxf6 Qxf6 15. Be4 Qf4 16. Rc4 f5 17. Bd3 e4 18. Qc1 Qxc1 19. Rfxc1 exf3 20. g3 Nd7 21. Rc6 Be5 22. Re6 f4 23. Rec6 Nf6 24. Bc4 Kh8 25. Nc5 Rac8 26. Nd3 Rxc6 27. dxc6 Bd6 28. Ba6 Bc8 29. Bb7 Nd5 30. Ne1 Nb6 31. Rd1 Bc7 32. Nc2 Bxb7 33. cxb7 Rb8 34. Nxb4 Rxb7 35. Na6 Be5 36. Nc5 Rb8 37. b4 fxg3 38. hxg3 Bc3 39. a4 Bxb4 40. Na6 Rb7 41. Nxb4 Nxa4 42. Nc6 Nc3 43. Ra1 Ne2+ 44. Kh2 Rb5 45. Kh3 h5 46. Nxa7 Rc5 47. Ra3 g5 48. Ra6 Kg7 49. Nc6 Rc1 50. Kh2 Rg1 51. Ne5 Rg2+ 52. Kh1 Rxf2 53. Rg6+ Kf8 54. Rxg5 Ke7 55. Nd3 Rg2 56. Rg7+ Kf8 57. Rg5 Nxg3+ 58. Rxg3 Rxg3 59. Kh2 h4 60. Kh1 Ke7 61. Kh2 Kd6 62. Kh1 Kd5 0-1

[Event "COL-ch Visually impaired"]
[Site "Cartagena"]
[Date "2019.12.07"]
[Round "5.3"]
[White "Quintero, Raul"]
[Black "Martinez Quintero, Javier"]
[Result "1-0"]
[WhiteElo "1937"]
[BlackElo "1767"]
[PlyCount "61"]
[EventDate "2019.12.06"]
[EventType "swiss (rapid)"]
[EventRounds "6"]
[EventCountry "COL"]
[SourceTitle "EXT 2024"]
[Source "ChessBase"]
[SourceDate "2023.10.10"]
[SourceVersion "1"]
[SourceVersionDate "2023.10.10"]
[SourceQuality "1"]

1. Nf3 Nf6 2. b3 g6 3. Bb2 Bg7 4. e3 0-0 5. Be2 b6 6. d4 Bb7 7. 0-0 d6 8. c4 e6 9. Nc3 Nbd7 10. Qc2 c5 11. Rfd1 Qe7 12. Rd2 Rac8 13. Rad1 cxd4 14. Nxd4 d5 15. Qc1 Rfd8 16. Ba3 Qe8 17. Ndb5 Nc5 18. Nxa7 Ra8 19. Nab5 Bf8 20. Bxc5 bxc5 21. Nc7 Qc6 22. Nxa8 Rxa8 23. Bf3 Qa6 24. cxd5 Bxd5 25. Nxd5 Nxd5 26. a4 Rb8 27. Qc4 Qb6 28. Rb1 Nb4 29. g3 Qa5 30. Rd7 Bg7 31. Qf4 1-0

[Event "COL-ch Visually impaired"]
[Site "Cartagena"]
[Date "2019.12.03"]
[Round "1.6"]
[White "Acevedo Hernandez, Fausto"]
[Black "Martinez Quintero, Javier"]
[Result "1-0"]
[WhiteElo "1508"]
[BlackElo "1767"]
[PlyCount "116"]
[EventDate "2019.12.03"]
[EventType "swiss"]
[EventRounds "6"]
[EventCountry "COL"]
[SourceTitle "EXT 2024"]
[Source "ChessBase"]
[SourceDate "2023.10.10"]
[SourceVersion "1"]
[SourceVersionDate "2023.10.10"]
[SourceQuality "1"]

1. d4 Nf6 2. c4 e6 3. Nc3 d5 4. Bg5 Be7 5. e3 b6 6. cxd5 Nxd5 7. Bxe7 Nxe7 8. Nf3 0-0 9. Bd3 Bb7 10. 0-0 Nd7 11. Rc1 c5 12. Ne2 Bxf3 13. gxf3 Ng6 14. Ng3 Qh4 15. dxc5 Nxc5 16. Rc4 Qh3 17. Bxg6 hxg6 18. f4 f5 19. b4 Rad8 20. Qf3 Ne4 21. Rxe4 fxe4 22. Qxe4 Kf7 23. Qb7+ Ke8 24. Qxg7 Rd7 25. Qxg6+ Kd8 26. Qg5+ Kc8 27. Rc1+ Kb7 28. Qe5 Rh8 29. Qe4+ Rd5 30. f5 Qxh2+ 31. Kf1 Qh3+ 32. Ke2 Re8 33. Rd1 Red8 34. fxe6 Kc6 35. b5+ Kc5 36. Qc2+ Kxb5 37. Rxd5+ Rxd5 38. Qb3+ Kc6 39. Qc4+ Kd6 40. e7 Qe6 41. Qb4+ Kd7 42. Qh4 Qxe7 43. Qg4+ Kc6 44. Qf3 Qe6 45. Ne4 Kc7 46. Qf4+ Re5 47. Nf6 Qxa2+ 48. Kf3 Qe6 49. Ng4 Kd6 50. Nxe5 Qxe5 51. Qf8+ Kc6 52. Qa8+ Kc5 53. Qxa7 Qd6 54. Qa3+ Kd5 55. Qxd6+ Kxd6 56. Ke2 Ke5 57. f3 b5 58. Kd3 Kd5 1-0

[Event "Colombia Conmemorativo Tiflo 19th"]
[Site "Colombia"]
[Date "2019.07.15"]
[Round "1.7"]
[White "Martinez Quintero, Javier"]
[Black "Vasquez, Jovanny"]
[Result "1-0"]
[WhiteElo "1767"]
[BlackElo "1285"]
[PlyCount "87"]
[EventDate "2019.07.15"]
[EventType "swiss"]
[EventRounds "7"]
[EventCountry "COL"]
[SourceTitle "EXT 2024"]
[Source "ChessBase"]
[SourceDate "2023.10.10"]
[SourceVersion "1"]
[SourceVersionDate "2023.10.10"]
[SourceQuality "1"]

1. d4 d5 2. c4 Nf6 3. cxd5 Qxd5 4. Nc3 Qd8 5. e4 e6 6. Bd3 c6 7. Nf3 Bb4 8. 0-0 0-0 9. Qc2 Ng4 10. h3 Nf6 11. e5 Nd5 12. Bxh7+ Kh8 13. Bd3 Re8 14. Ng5 Qc7 15. Nce4 Kg8 16. a3 Be7 17. Qe2 g6 18. Qg4 Nd7 19. Nd6 Bxd6 20. exd6 Qxd6 21. Nxf7 Kxf7 22. Qxg6+ Ke7 23. Bg5+ N7f6 24. Qg7+ Kd8 25. Bxf6+ Nxf6 26. Qxf6+ Kc7 27. Qe5 Rd8 28. Rad1 Kb6 29. b4 a6 30. Bc4 Qf8 31. Qc5+ Kc7 32. Qxf8 Rxf8 33. Rfe1 Re8 34. d5 cxd5 35. Bxd5 Bd7 36. Bxb7 Ra7 37. Bf3 Kb8 38. h4 Rc7 39. g4 Rc3 40. Rxd7 Rxf3 41. Kg2 Ref8 42. Rd8+ Rxd8 43. Kxf3 Rf8+ 44. Kg3 1-0

[Event "COL-ch Physically limited"]
[Site "Barranquilla"]
[Date "2015.11.30"]
[Round "5.3"]
[White "Martinez Quintero, Javier"]
[Black "Molina Clavijo, Gildardo"]
[Result "0-1"]
[WhiteElo "1750"]
[BlackElo "2072"]
[PlyCount "36"]
[EventDate "2015.11.28"]
[EventType "swiss"]
[EventRounds "7"]
[EventCountry "COL"]
[SourceTitle "EXT 2024"]
[Source "ChessBase"]
[SourceDate "2023.10.10"]
[SourceVersion "1"]
[SourceVersionDate "2023.10.10"]
[SourceQuality "1"]

1. d4 d5 2. c4 e5 3. dxe5 d4 4. a3 a5 5. Nf3 Nc6 6. g3 Bg4 7. Bg2 Qd7 8. 0-0 Nge7 9. Nbd2 Ng6 10. Nb3 Rd8 11. Bd2 b6 12. Rc1 Be7 13. a4 0-0 14. c5 Ngxe5 15. cxb6 cxb6 16. Bf4 Ng6 17. Nbxd4 Nxd4 18. Rc7 Nxf3+ 0-1

[Event "COL-ch Physically limited"]
[Site "Barranquilla"]
[Date "2015.11.29"]
[Round "3.6"]
[White "Martinez Quintero, Javier"]
[Black "Buitrago, Bernardo"]
[Result "0-1"]
[WhiteElo "1750"]
[BlackElo "1814"]
[PlyCount "62"]
[EventDate "2015.11.28"]
[EventType "swiss"]
[EventRounds "7"]
[EventCountry "COL"]
[SourceTitle "EXT 2024"]
[Source "ChessBase"]
[SourceDate "2023.10.10"]
[SourceVersion "1"]
[SourceVersionDate "2023.10.10"]
[SourceQuality "1"]

1. e4 c5 2. Nf3 e6 3. d4 cxd4 4. Nxd4 a6 5. Bd3 Qc7 6. Be3 Nf6 7. h3 d5 8. Nd2 h6 9. 0-0 e5 10. N4f3 d4 11. Nxd4 exd4 12. Bxd4 Be7 13. e5 Nd5 14. c4 Nf4 15. Be4 Nc6 16. Be3 Ne6 17. f4 Bc5 18. Bxc5 Nxc5 19. Bd5 Be6 20. Rf3 0-0 21. Nb3 Ne7 22. Rc3 Kh8 23. Qf3 Nxb3 24. axb3 Nxd5 25. cxd5 Qb6+ 26. Kh2 Bxd5 27. Qg3 Kh7 28. Rac1 f6 29. Rc7 Kg8 30. f5 g5 31. Re7 fxe5 0-1

[Event "COL-ch Physically limited"]
[Site "Barranquilla"]
[Date "2013.08.12"]
[Round "2.2"]
[White "Montoya Perez, Juan Rafael"]
[Black "Martinez Quintero, Javier"]
[Result "1-0"]
[WhiteElo "1992"]
[BlackElo "1750"]
[PlyCount "61"]
[EventDate "2013.08.12"]
[EventType "swiss"]
[EventRounds "5"]
[EventCountry "COL"]
[SourceTitle "EXT 2024"]
[Source "ChessBase"]
[SourceDate "2023.10.10"]
[SourceVersion "1"]
[SourceVersionDate "2023.10.10"]
[SourceQuality "1"]

1. d4 d5 2. e4 dxe4 3. Nc3 Nf6 4. Bg5 e6 5. Nxe4 Be7 6. Ng3 0-0 7. Nf3 b6 8. Bd3 Nbd7 9. Qe2 Bb7 10. 0-0-0 c5 11. dxc5 bxc5 12. h4 Qa5 13. Kb1 Bd5 14. c4 Bc6 15. Bc2 Rab8 16. Bd2 Qc7 17. Bc3 Nb6 18. Be5 Qb7 19. Bxb8 Rxb8 20. Rd3 Nbd5 21. Rb3 Nb4 22. a3 Ba4 23. axb4 Bxb3 24. Bxb3 Qxb4 25. Ba2 Ng4 26. Ne1 Ne5 27. Ne4 f5 28. Ng5 Bf6 29. Nd3 Qb6 30. Nxe5 Bxe5 31. Qxe5 1-0